000 00291nam a2200109 4500
008 160704b xxu||||| |||| 00| 0 eng d
100 _91973
_a Rangachari, D
245 _aWhen Amma Went Away
260 _aN.D
_b Children Book Trust
_c2002
300 _aWhen Amma Went Away
942 _2ddc
_cBK
999 _c1674
_d1674